| 000 | 02160cam a2200505 4500 | ||
|---|---|---|---|
| 001 | L154779 | ||
| 002 | 7826 | ||
| 008 | 120117n2011 000 0 eng u | ||
| 020 | _a9781119951940 | ||
| 035 | _a(Sirsi) u154779 | ||
| 041 | _aeng | ||
| 050 |
_a692.8 _c18 |
||
| 100 | _aChappell, David | ||
| 245 |
_aBuilding contract claims _h[electronic resource] |
||
| 250 | _a5th ed. | ||
| 260 |
_aOxford _bJohn Wiley _c2011 |
||
| 300 | _aeBook | ||
| 350 | _a65 | ||
| 520 | _aThis eBook examines the legal basis of claims for additional payment and looks at what can and cannot be claimed under the main forms of building contract. Uses JCT 98 as the basis of the text, with key differences highlighted in the other contract forms. Part I looks at general principles relating to time, liquidated damages and financial claims of various kinds. Part II deals with the relevant clauses in JCT contracts. Part III examines the equivalent clauses in other standard contracts and in some sub-contracts. Tables of cases and standard form contract clauses. | ||
| 520 | _aSupersedes fourth edition | ||
| 650 | _aBUILT ENVIRONMENT-BUILDING CONTRACT FORMS | ||
| 650 | _aJCT STANDARD FORM OF BUILDING CONTRACT (1998 EDITION) | ||
| 650 | _aJCT INTERMEDIATE FORM OF BUILDING CONTRACT FOR WORKS OF SIMPLE CONTENT (1998 EDITION) | ||
| 650 | _aJCT AGREEMENT FOR MINOR BUILDING WORKS (1998 EDITION) | ||
| 650 | _aJCT STANDARD FORM OF BUILDING CONTRACT WITH CONTRACTORS DESIGN (1998 EDITION) | ||
| 650 | _aPCC 1998 | ||
| 650 | _aMC98 | ||
| 650 | _aJCT MAJOR PROJECT FORM (2003 EDITION) | ||
| 650 | _aTC/C 2002 | ||
| 650 | _aGC/WORKS/1 1998 EDITION | ||
| 650 | _aACA AGREEMENTS | ||
| 650 | _aSUBCONTRACT CLAIMS | ||
| 650 | _aNEW ENGINEERING CONTRACT | ||
| 650 | _aBUILDING CLAIMS | ||
| 650 | _aCONTRACT CLAIMS | ||
| 650 | _aLOSS AND EXPENSE | ||
| 650 | _aLIQUIDATED DAMAGES | ||
| 650 | _aVARIATIONS | ||
| 650 | 2 | 4 | _aEBOOK |
| 650 | _aEXTENSIONS OF TIME | ||
| 651 | 4 | _aInternational | |
| 690 |
_aContracts _96232 |
||
| 856 | 4 | 8 |
_uhttps://www.vlebooks.com/ _zView on VLEbooks. Logins for members only from [email protected] |
| 942 | _n0 | ||
| 999 |
_c113146 _d113146 |
||